[Event "CZE-chT2d 0607"]
[Site "Czech Republic"]
[Date "2007.04.15"]
[Round "11"]
[White "Chloupek, Libor"]
[Black "Zeman, Arnost"]
[Result "1-0"]
[WhiteElo "1964"]
[BlackElo "2120"]
[PlyCount "79"]
[EventDate "2006.10.15"]
[EventType "team"]
[EventRounds "11"]
[EventCountry "CZE"]
[SourceTitle "EXT 2009"]
[Source "ChessBase"]
[SourceDate "2008.11.26"]
[SourceVersion "1"]
[SourceVersionDate "2008.11.26"]
[SourceQuality "1"]

1. Nf3 c5 2. g3 Nf6 3. Bg2 Nc6 4. 0-0 e5 5. d3 h6 6. e4 d6 7. Nc3 Be6 8. Ne1 g5 9. f4 gxf4 10. gxf4 Bg4 11. Qd2 Rg8 12. Qf2 exf4 13. Bxf4 Rg6 14. Nd5 Bg7 15. Kh1 Qd7 16. Ne3 Nd4 17. Nc4 Bf8 18. e5 Nh5 19. exd6 Nxf4 20. Ne5 Qe6 21. d7+ Ke7 22. Qxf4 Rg5 23. Qxf7+ Qxf7 24. Nxf7 Kxd7 25. Nxg5 hxg5 26. Bxb7 Rb8 27. Bf3 Be6 28. Be4 Bd6 29. b3 Rh8 30. Rf2 g4 31. c3 g3 32. Rg2 Nb5 33. Rc2 Nxc3 34. Nf3 Nxe4 35. dxe4 Bg4 36. Rf1 Bf4 37. h4 Bh3 38. Rd1+ Kc6 39. Re1 Bg4 40. Kg2 1-0

[Event "CZE-chT2d 0607"]
[Site "Czech Republic"]
[Date "2007.03.25"]
[Round "10"]
[White "Chloupek, Libor"]
[Black "Kuchynka, Lubos"]
[Result "1-0"]
[WhiteElo "1964"]
[BlackElo "2061"]
[PlyCount "53"]
[EventDate "2006.10.15"]
[EventType "team"]
[EventRounds "11"]
[EventCountry "CZE"]
[SourceTitle "EXT 2009"]
[Source "ChessBase"]
[SourceDate "2008.11.26"]
[SourceVersion "1"]
[SourceVersionDate "2008.11.26"]
[SourceQuality "1"]

1. Nf3 Nf6 2. g3 g6 3. Bg2 Bg7 4. 0-0 0-0 5. c4 d6 6. Nc3 Nc6 7. a3 a5 8. d4 e5 9. d5 Ne7 10. e4 Bg4 11. Rb1 Nd7 12. h3 Bxf3 13. Bxf3 f5 14. b4 axb4 15. axb4 f4 16. Bg4 g5 17. c5 Rf6 18. Nb5 dxc5 19. d6 cxd6 20. Nxd6 cxb4 21. Nxb7 Qf8 22. Qxd7 fxg3 23. Bxg5 gxf2+ 24. Kh1 Ra3 25. Bxf6 Qxf6 26. Qe6+ Kh8 27. Qxf6 1-0

[Event "CZE-chT2d 0607"]
[Site "Czech Republic"]
[Date "2006.12.03"]
[Round "4"]
[White "Vojacek, Zdenek"]
[Black "Chloupek, Libor"]
[Result "1-0"]
[WhiteElo "1989"]
[BlackElo "1964"]
[PlyCount "111"]
[EventDate "2006.10.15"]
[EventType "team"]
[EventRounds "11"]
[EventCountry "CZE"]
[SourceTitle "EXT 2009"]
[Source "ChessBase"]
[SourceDate "2008.11.26"]
[SourceVersion "1"]
[SourceVersionDate "2008.11.26"]
[SourceQuality "1"]

1. Nf3 Nf6 2. b3 g6 3. Bb2 Bg7 4. c4 0-0 5. g3 c5 6. Bg2 Nc6 7. 0-0 b6 8. e3 d5 9. cxd5 Nb4 10. Ne1 Ba6 11. d3 Nbxd5 12. Nd2 Rc8 13. Nc4 Nb4 14. a3 Nc6 15. Qc2 Qc7 16. Nf3 Nh5 17. Bxg7 Nxg7 18. Rac1 Ne6 19. Rfd1 Rfd8 20. Qb2 b5 21. Nce5 c4 22. Nxc6 Qxc6 23. Ne5 Qd6 24. d4 f6 25. Nf3 Kg7 26. Bh3 Rb8 27. b4 Bb7 28. d5 Nf8 29. e4 Bc8 30. Bg2 Bg4 31. Re1 Bxf3 32. Bxf3 Nd7 33. Be2 e6 34. Rcd1 e5 35. Bg4 Nb6 36. Qc1 Rf8 37. Qe3 Rbe8 38. Qc5 Qxc5 39. bxc5 f5 40. exf5 gxf5 41. Bh5 Rb8 42. cxb6 Rxb6 43. Rxe5 Rd6 44. Re8 Rff6 45. Re7+ Kh6 46. Be8 c3 47. Rc7 Rf8 48. Bxb5 Rb8 49. Ba4 Rbd8 50. Rc6 Kg5 51. h4+ Kh5 52. Rxd6 Rxd6 53. Bc6 Rd8 54. Rc1 a5 55. Rxc3 a4 56. Rc4 1-0